000 01320nam a22003617a 4500
003 CHAP
005 20220329141017.0
008 971013s1996 r 00010 d
010 _a61255
011 _a62227
035 _a66401
040 _cCHAP
090 _aTesis
100 0 0 _aCallejas Juárez, Nicolás.
_917536
245 _aFactibilidad en dos sistemas de producción de bovinos para carne (intensivo y extensivo), en el DDT 062 del estado de Hidaldo
260 _aChapingo, Méx. El autor,
_c1996
300 _a66 h.
_b; anexos
502 _aTesis (Lic. en Economía Agrícola) -- UACH. Departamento de Economía Agrícola
590 _aALEPH
_b10
_c20130110
_lUCH01
_h1341
590 _aBATCH-UPD
_b10
_c20130110
_lUCH01
_h0834
590 _aBATCH-UPD
_b10
_c20130410
_lUCH01
_h0512
590 _aBATCH-UPD
_b10
_c20130914
_lUCH01
_h0850
590 _aCONVERSION
_b10
_c20130109
_lUCH01
_h1333
650 1 4 _aCarne de res.
_919190
650 1 4 _aDistrito de Desarrollo Rural del Estado de Hidalgo.
_932781
650 1 4 _aGanado de carne.
_945067
650 1 4 _aGanado de carne
_xCostos de producción.
_945077
650 1 4 _aGanado vacuno
_xHidalgo.
_945473
901 _aBK
942 _cFOLL
949 _bBC
_cTES
_d-151583
_eTS1
_h29535
_i66401
_si
949 _bBC
_cTES
_d33724000622395
_eTS2
_fc.2
_h29536
_i66401
_si
999 _c61255
_d61255